|
|
|
|
| LEADER |
00000nta a2200000 i 4500 |
| 001 |
dolg8690 |
| 005 |
20161212081850.0 |
| 008 |
161212suuuu hu o 000 hun d |
| 040 |
|
|
|a BGE Dolgozattár Repozitórium
|b hun
|
| 041 |
|
|
|a hu
|
| 100 |
1 |
|
|a Korek Eszter
|
| 245 |
1 |
2 |
|a A kanban, mint anyagellátó rendszer - GE Hungary kanban rendszerének működése
|c Korek Eszter
|h [elektronikus dokumentum]
|
| 246 |
1 |
1 |
|a
|
| 516 |
|
|
|a Final_paper
|
| 695 |
|
|
|a ge, KANBAN, anyagellátás
|
| 700 |
1 |
|
|a Mosonyiné Ádám Gizella
|e ths
|
| 856 |
4 |
0 |
|u http://dolgozattar.uni-bge.hu/8690/1/SZAKDOLGOZAT_v%C3%A9gleges.pdf
|z Dokumentum-elérés
|